000
00483nam a2200169Ia 4500
008
110201s9999 xx 000 0 und d
082
_b
B1306
_a
K 1126
100
_a
वर्टी अ.वा.
245
_a
पतिव्रता
260
_b
सरस साहित्य
365
_b
15
600
_a
वर्टी अ.वा.
630
_a
पतिव्रता
700
_a
वर्टी अ.वा.
730
_a
पतिव्रता
942
_c
BOOK
999
_c
828593
_d
828590